Acquired Brain Injury : an Integrative Neuro - Rehabilitation Approach (Record no. 232770)

MARC details
000 -LEADER
fixed length control field 00526nam a2200193Ia 4500
008 - FIXED-LENGTH DATA ELEMENTS--GENERAL INFORMATION
fixed length control field 240823s9999||||xx |||||||||||||| ||und||
082 ## - DEWEY DECIMAL CLASSIFICATION NUMBER
-- 618.3268 P7
100 ## - MAIN ENTRY--PERSONAL NAME
Personal name Jean Elbaum
245 #0 - TITLE STATEMENT
Title Acquired Brain Injury : an Integrative Neuro - Rehabilitation Approach
250 ## - EDITION STATEMENT
Edition statement 1st
260 ## - PUBLICATION, DISTRIBUTION, ETC. (IMPRINT)
Date of publication, distribution, etc 2007
Name of publisher, distributor, etc Springer Publica
500 ## - GENERAL NOTE
General note TRANSFERED
650 ## - SUBJECT ADDED ENTRY--TOPICAL TERM
Topical term or geographic name as entry element Genetic Engineering
700 ## - ADDED ENTRY--PERSONAL NAME
Personal name Deborah M Benson
942 ## - ADDED ENTRY ELEMENTS (KOHA)
Item type Books
Holdings
Withdrawn status Lost status Damaged status Permanent location Current location Shelving location Date acquired Source of acquisition Cost, normal purchase price Full call number Barcode Date last seen Koha item type
      CENTRAL LIBRARY, NOORUL ISLAM CENTRE FOR HIGHER EDUCATION CENTRAL LIBRARY, NOORUL ISLAM CENTRE FOR HIGHER EDUCATION   09/15/2020 Downloading by E Books 3500.00 618.3268 P7 80753 08/23/2024 Books
Visitors:
Copyright © 2024 Central Library NICHE.  All rights reserved.